Prénoms 2 - Statistiques

Statistiques générales
  • Ce quiz a été pris 17 fois
  • Le résultat moyen est 6 sur 105
Statistiques - réponses
Hint Réponse % Correct
B Benjamin
29%
C Charly
29%
D Dylan
29%
C Caroline
21%
G Gabriel
21%
L Luc
21%
N Noémie
21%
S Stéphane
21%
F Fanny
14%
G Gabrielle
14%
H Héloïse
14%
I Iris
14%
L Ludovic
14%
O Ophélie
14%
S Stéphanie
14%
T Timothée
14%
Y Yaël
14%
A Alan
7%
A Alba
7%
A Alexia
7%
A Aurore
7%
C Carole
7%
C Christelle
7%
C Colin
7%
C Coralie
7%
E Eléa
7%
E Eliott
7%
E Eloïse
7%
E Evelyne
7%
F Francis
7%
G Géraldine
7%
H Hector
7%
J Jonathan
7%
J Jordan
7%
J Joris
7%
L Laëtitia
7%
L Liam
7%
L Linda
7%
M Matheo
7%
M Maurice
7%
M Mélodie
7%
M Michael
7%
M Morgan
7%
M Morgane
7%
N Nolan
7%
P Philippine
7%
S Sacha
7%
S Sibylle
7%
S Solène
7%
A Adam
0%
A Adélaïde
0%
A Anaëlle
0%
A Anastasia
0%
A Andréa
0%
A Annabelle
0%
A Arlette
0%
B Bérangère
0%
B Bérénice
0%
C Célèste
0%
C Christine
0%
C Cindy
0%
E Elie
0%
E Emmy
0%
E Enora
0%
G Guillemette
0%
G Gwenaelle
0%
G Gwladys
0%
I Ilona
0%
J Jacky
0%
J Jeannot
0%
J Jennifer
0%
J Johan
0%
J Johanna
0%
K Katia
0%
L Line
0%
L Ludivine
0%
M Magalie
0%
M Manuela
0%
M Marilou
0%
M Maryline
0%
M Maryse
0%
M Mauricette
0%
M Mylène
0%
M Myriam
0%
N Nadia
0%
N Naomi
0%
N Nolwen
0%
O Olympe
0%
O Ombeline
0%
O Oriana
0%
O Orlane
0%
P Pamela
0%
P Paola
0%
P Perrine
0%
R Rudy
0%
S Salomé
0%
S Samantha
0%
S Sofia
0%
S Soizic
0%
S Soline
0%
T Thaïs
0%
T Tiffany
0%
T Tiphaine
0%
T Tristan
0%
Y Yolande
0%
Aucun quiz correspondant
Distribution des résultats
% des personnes avec chaque résultat
Percentile par nombre de réponses
Votre historique - résultats
Vous n’avez pas pris ce quiz